[Event "XXVII Turniej Szachowy Juniorow "]
[Site "ul. K.K. Baczynskiego 3 - Mlod"]
[Date "2010.01.18"]
[Round "2.1"]
[White "Mazalon, Mateusz"]
[Black "Bokiej, Przemyslaw"]
[Result "0-1"]
[WhiteElo "1775"]
[BlackElo "2069"]
[PlyCount "58"]
[EventDate "2010.??.??"]

1. e4 e6 2. d4 d5 3. Nc3 Nf6 4. e5 Nfd7 5. Nf3 c5 6. dxc5 Nc6 7. Bf4 Nxc5 8.
Bd3 Be7 9. O-O g5 10. Bg3 Bd7 11. Nd2 h5 12. h3 Qb6 13. Nb3 Nxb3 14. axb3 O-O-O
15. Na4 Qc7 16. c4 dxc4 17. Bxc4 Rdg8 18. Nc3 h4 19. Bh2 g4 20. hxg4 h3 21. Bg3
Rg7 22. Nb5 Qb6 23. Qc2 Rxg4 24. Qd3 Rhg8 25. Rfd1 Rxg3 26. Nxa7+ Kb8 27. Qxd7
Rxg2+ 28. Kh1 Rh2+ 29. Kxh2 Qxf2+ 0-1

[Event "XXVII Turniej Szachowy Juniorow "]
[Site "ul. K.K. Baczynskiego 3 - Mlod"]
[Date "2010.01.18"]
[Round "2.2"]
[White "Brzezinski, Mateusz"]
[Black "Zebracki, Tomasz"]
[Result "1/2-1/2"]
[WhiteElo "1966"]
[BlackElo "1789"]
[PlyCount "97"]
[EventDate "2010.??.??"]

1. c4 c5 2. Nc3 Nf6 3. e4 Nc6 4. g3 d6 5. Bg2 g6 6. Nge2 Bg7 7. O-O O-O 8. Rb1
Nd7 9. a3 Nd4 10. b4 Ne5 11. d3 Ndf3+ 12. Kh1 Bg4 13. h3 Bd7 14. bxc5 dxc5 15.
Nd5 e6 16. Ne3 Qa5 17. Bxf3 Nxf3 18. Nf4 Nd4 19. Rxb7 Bc8 20. Rb1 e5 21. Ne2
Bxh3 22. Nxd4 exd4 23. Ng2 Rab8 24. Rb3 Rxb3 25. Qxb3 Qc7 26. Bf4 Qd7 27. Rb1
g5 28. Bd2 Bg4 29. Qb7 Qe6 30. Bxg5 Bf3 31. Kh2 Qg4 32. Qd5 Be2 33. Nf4 Qf3 34.
Kg1 Bxd3 35. Nxd3 Qxd3 36. Rb7 Qd1+ 37. Kg2 Qc2 38. Be7 Re8 39. Bxc5 Kh8 40.
Bxd4 Bxd4 41. Qxd4+ Kg8 42. Rxa7 Qe2 43. Qd5 Re6 44. Ra8+ Kg7 45. Qg5+ Rg6 46.
Qe5+ Rf6 47. Qg5+ Rg6 48. Qe5+ Rf6 49. Qg5+ 1/2-1/2

[Event "XXVII Turniej Szachowy Juniorow "]
[Site "ul. K.K. Baczynskiego 3 - Mlod"]
[Date "2010.01.18"]
[Round "2.3"]
[White "Maksimenko, Andrei Jr"]
[Black "Marchlewicz, Damian"]
[Result "1/2-1/2"]
[WhiteElo "1746"]
[BlackElo "1918"]
[PlyCount "117"]
[EventDate "2010.??.??"]

1. e4 e5 2. Nf3 Nc6 3. d4 exd4 4. Nxd4 Bc5 5. Be3 Qf6 6. Nb5 Bxe3 7. fxe3 Qd8
8. Qg4 g6 9. Qf4 d6 10. Bc4 Ne5 11. O-O Qe7 12. N1c3 g5 13. Qf2 c6 14. Bxf7+
Nxf7 15. Qxf7+ Kd8 16. Nxd6 Kc7 17. Ndb5+ Kb8 18. Qc4 Be6 19. Qd4 cxb5 20. Qe5+
Kc8 21. Nd5 Bxd5 22. Qc3+ Bc6 23. Qxh8 Kc7 24. Qc3 Qxe4 25. Qa5+ b6 26. Rf7+
Ne7 27. Qd2 Rd8 28. Qf2 Rd7 29. Qg3+ Kb7 30. Qxg5 Nd5 31. Rxd7+ Bxd7 32. Rd1
Bc6 33. Rd3 b4 34. Qg7+ Ka6 35. Qd4 Qxd4 36. exd4 Nf4 37. Rd2 Kb5 38. g3 Nd5
39. Rf2 Be8 40. Rd2 Bg6 41. Kf2 Kc4 42. Kf3 Nf6 43. Ke3 Kd5 44. h3 Ne4 45. Rg2
Nd6 46. c3 bxc3 47. bxc3 Ne4 48. g4 Nxc3 49. h4 Nb5 50. h5 Be4 51. Rg1 Nd6 52.
Rc1 a5 53. a4 Ke6 54. Kf4 Kf6 55. g5+ Ke6 56. g6 hxg6 57. hxg6 Bxg6 58. Rc6 Be8
59. Rxb6 1/2-1/2

[Event "XXVII Turniej Szachowy Juniorow "]
[Site "ul. K.K. Baczynskiego 3 - Mlod"]
[Date "2010.01.18"]
[Round "2.4"]
[White "Kotula, Konrad"]
[Black "Nowacki, Krzysztof"]
[Result "1/2-1/2"]
[WhiteElo "1811"]
[BlackElo "1770"]
[PlyCount "53"]
[EventDate "2010.??.??"]

1. Nf3 d5 2. c4 Nf6 3. e3 c6 4. b3 Bf5 5. Be2 Nbd7 6. Bb2 Nc5 7. d4 Nce4 8. O-O
e6 9. Nc3 Nxc3 10. Bxc3 Ne4 11. Bb2 Bd6 12. Ne5 f6 13. Nd3 Qc7 14. f4 Qf7 15.
g4 Bg6 16. cxd5 cxd5 17. Ne5 Bxe5 18. Bb5+ Kf8 19. dxe5 f5 20. h3 Qe7 21. Qe1
fxg4 22. hxg4 h5 23. g5 Kf7 24. Rc1 Rac8 25. Qa5 b6 26. Qe1 Qb7 27. Bd3 1/2-1/2

[Event "XXVII Turniej Szachowy Juniorow "]
[Site "ul. K.K. Baczynskiego 3 - Mlod"]
[Date "2010.01.18"]
[Round "2.5"]
[White "Marchlewicz, Artur"]
[Black "Kaczmarczyk, Pawel"]
[Result "1-0"]
[WhiteElo "1792"]
[BlackElo "1602"]
[PlyCount "39"]
[EventDate "2010.??.??"]

1. e4 c6 2. d4 d5 3. exd5 cxd5 4. Bd3 Nf6 5. Nf3 Bg4 6. Nbd2 e6 7. c3 Nc6 8.
O-O Qc7 9. h3 Bh5 10. Re1 Bd6 11. Qc2 O-O-O 12. Be2 Bf4 13. Nb3 Nb4 14. Qd1
Bxc1 15. Rxc1 Nc6 16. Nc5 Nd7 17. Nxd7 Qxd7 18. b4 Kb8 19. b5 Ne7 20. Ne5 1-0

[Event "XXVII Turniej Szachowy Juniorow "]
[Site "ul. K.K. Baczynskiego 3 - Mlod"]
[Date "2010.01.18"]
[Round "2.7"]
[White "Szulgacz, Maciej"]
[Black "Proczek, Mateusz"]
[Result "1-0"]
[WhiteElo "1644"]
[BlackElo "1713"]
[PlyCount "135"]
[EventDate "2010.??.??"]

1. d4 d5 2. c4 e6 3. Nc3 Nf6 4. Bg5 Nc6 5. Nf3 Be7 6. Bxf6 Bxf6 7. cxd5 exd5 8.
e3 O-O 9. Bd3 Bg4 10. O-O Re8 11. a3 Ne7 12. b4 Qd7 13. Rc1 Nf5 14. h3 Bxf3 15.
Qxf3 Ne7 16. b5 Rad8 17. Na4 b6 18. Rc2 c6 19. Rfc1 cxb5 20. Rc7 Qd6 21. Bxb5
Rf8 22. R1c3 Rc8 23. Rxa7 Rxc3 24. Nxc3 Rc8 25. Ne2 Nc6 26. Ra6 Na5 27. Qf5 Rc7
28. Ra8+ Bd8 29. Qe5 Qf8 30. Qxd5 Nb7 31. Bc6 Nd6 32. Nc3 Rc8 33. Ra7 Rc7 34.
Ra6 Rc8 35. Na4 Rb8 36. Ra7 Rc8 37. Rd7 b5 38. Nc3 Be7 39. Na2 Nc4 40. Qxb5
Nxa3 41. Qb7 Rb8 42. Qa7 Bd6 43. g3 Bxg3 44. fxg3 Rb1+ 45. Kg2 Rb2+ 46. Kf3
Rxa2 47. Bd5 Ra1 48. Qa8 Qxa8 49. Bxa8 f6 50. Ra7 Kf8 51. Bc6 Rf1+ 52. Ke2 Ra1
53. d5 Nc2 54. Rxa1 Nxa1 55. Ba4 Ke7 56. Kd2 f5 57. Kc3 Kd6 58. Bc6 g5 59. Kb2
h5 60. h4 gxh4 61. gxh4 Ke5 62. Kxa1 Ke4 63. d6+ Kxe3 64. d7 f4 65. d8=Q f3 66.
Qg5+ Ke2 67. Qxh5 Ke1 68. Qxf3 1-0

[Event "XXVII Turniej Szachowy Juniorow "]
[Site "ul. K.K. Baczynskiego 3 - Mlod"]
[Date "2010.01.18"]
[Round "2.8"]
[White "Zwara, Szymon"]
[Black "Skoczek, Karolina"]
[Result "1-0"]
[WhiteElo "1552"]
[BlackElo "1636"]
[PlyCount "75"]
[EventDate "2010.??.??"]

1. d4 d5 2. c4 dxc4 3. Nf3 Nf6 4. Nc3 e6 5. e4 Be7 6. Bxc4 a6 7. a4 O-O 8. O-O
Nbd7 9. Qc2 b6 10. Be3 Bb7 11. Nd2 e5 12. f4 exd4 13. Bxd4 Bc5 14. Bxc5 Nxc5
15. b4 Qd4+ 16. Kh1 Ncxe4 17. Ncxe4 Bxe4 18. Nxe4 Nxe4 19. Rad1 Qf6 20. Qxe4
Rfe8 21. Qc2 Re7 22. Rde1 Rd7 23. Qe4 Rdd8 24. Bxa6 g6 25. Bb5 Rab8 26. Rd1
Rdc8 27. Qe5 Qg7 28. Rfe1 Ra8 29. Bc6 Rab8 30. Rd2 h6 31. Rde2 h5 32. Kg1 Kh7
33. Qxg7+ Kxg7 34. Re8 Rd8 35. Rxd8 Rxd8 36. a5 bxa5 37. bxa5 Rd6 38. Ra1 1-0

[Event "XXVII Turniej Szachowy Juniorow "]
[Site "ul. K.K. Baczynskiego 3 - Mlod"]
[Date "2010.01.18"]
[Round "2.9"]
[White "Budnik, Mateusz"]
[Black "Bednarkiewicz, Jakub"]
[Result "1-0"]
[WhiteElo "1612"]
[BlackElo "1548"]
[PlyCount "113"]
[EventDate "2010.??.??"]

1. d4 d5 2. c4 e6 3. Nc3 c5 4. cxd5 exd5 5. Bf4 Nc6 6. e3 c4 7. Nf3 Nf6 8. Be2
Be7 9. O-O O-O 10. h3 Re8 11. Nb5 Nh5 12. Bh2 Rf8 13. Ne5 Nf6 14. Nxc6 bxc6 15.
Nc7 Rb8 16. Nxd5 Rxb2 17. Nxe7+ Qxe7 18. Bxc4 Be6 19. Bxe6 Qxe6 20. Qa4 Ra8 21.
Qa3 Rd2 22. Qc3 Ne4 23. Qa5 Qf6 24. Qe5 Qg6 25. Rab1 h6 26. Rb8+ Rxb8 27. Qxb8+
Kh7 28. Qb1 f5 29. Bf4 Qe6 30. a4 Qa2 31. Qxa2 Rxa2 32. Rc1 Rxa4 33. f3 Nf6 34.
Rxc6 Nd5 35. Be5 a5 36. e4 fxe4 37. fxe4 Nf6 38. Bxf6 gxf6 39. Rxf6 Rxd4 40. e5
Kg7 41. Ra6 a4 42. Kf2 Re4 43. Ra5 a3 44. Rxa3 Rxe5 45. Re3 Ra5 46. Rg3+ Kf6
47. Rf3+ Kg5 48. Kg3 Ra4 49. Rc3 h5 50. h4+ Kg6 51. Rc6+ Kf5 52. Kh3 Ra3+ 53.
g3 Rb3 54. Rh6 Rb1 55. Rxh5+ Kg6 56. Rc5 Rh1+ 57. Kg4 1-0

[Event "XXVII Turniej Szachowy Juniorow "]
[Site "ul. K.K. Baczynskiego 3 - Mlod"]
[Date "2010.01.18"]
[Round "2.10"]
[White "Bartoszewski, Bartosz"]
[Black "Mikolajczak, Wojciech"]
[Result "0-1"]
[WhiteElo "1548"]
[BlackElo "1605"]
[PlyCount "128"]
[EventDate "2010.??.??"]

1. c4 c5 2. Nc3 Nc6 3. g3 g6 4. Bg2 Bg7 5. e3 d6 6. Nge2 Nf6 7. O-O O-O 8. b3
Qc7 9. Bb2 b6 10. d4 Bb7 11. d5 Ne5 12. Nb5 Qd7 13. Qc2 a6 14. Nbc3 Ne8 15. Nf4
Nc7 16. Nce2 b5 17. Nd3 Nxd3 18. Bxg7 Kxg7 19. Qxd3 b4 20. Rad1 a5 21. Qc2 a4
22. Nf4 axb3 23. axb3 Ra3 24. Ra1 Rfa8 25. Qb2+ Kg8 26. Rxa3 Rxa3 27. Ra1 Rxa1+
28. Qxa1 Ba6 29. Bh3 Qd8 30. Qa5 Bc8 31. Kg2 Bxh3+ 32. Nxh3 Ne6 33. Qxd8+ Nxd8
34. Ng5 Kg7 35. f4 h6 36. Nf3 Nb7 37. e4 Na5 38. Nd2 Kf6 39. Kf3 e6 40. h3 e5
41. Ke3 exf4+ 42. gxf4 g5 43. Kf3 Nb7 44. Kg4 h5+ 45. Kg3 Kg6 46. fxg5 Kxg5 47.
Nf3+ Kf6 48. Kh4 Na5 49. Nd2 Kg6 50. Kg3 Kg5 51. h4+ Kg6 52. Kf4 f6 53. Kf3 f5
54. Kf4 fxe4 55. Kxe4 Kf6 56. Kf4 Kg6 57. Ke4 Nb7 58. Nf3 Nd8 59. Kf4 Nf7 60.
Ng5 Nh6 61. Ne4 Nf5 62. Kf3 Nxh4+ 63. Kf2 Nf5 64. Kf3 Nd4+ 0-1

[Event "XXVII Turniej Szachowy Juniorow "]
[Site "ul. K.K. Baczynskiego 3 - Mlod"]
[Date "2010.01.18"]
[Round "1.1"]
[White "Bokiej, Przemyslaw"]
[Black "Szulgacz, Maciej"]
[Result "1-0"]
[WhiteElo "2069"]
[BlackElo "1644"]
[PlyCount "55"]
[EventDate "2010.??.??"]

1. e4 d6 2. d4 Nf6 3. Nc3 g6 4. f4 Bg7 5. Nf3 O-O 6. Bd3 Nbd7 7. O-O e5 8. fxe5
dxe5 9. dxe5 Nxe5 10. Nxe5 Qd4+ 11. Kh1 Qxe5 12. Bf4 Qc5 13. Be2 Re8 14. Bf3
Be6 15. Qc1 Ng4 16. h3 Ne5 17. Bh6 Bh8 18. Qf4 Nc4 19. Bg4 Be5 20. Qf3 Nd6 21.
Nd5 Nxe4 22. Bxe6 Ng3+ 23. Qxg3 Bxg3 24. Nf6+ Kh8 25. Bxf7 Re2 26. Rad1 Qxc2
27. Rd7 Rf2 28. Bc4 1-0

[Event "XXVII Turniej Szachowy Juniorow "]
[Site "ul. K.K. Baczynskiego 3 - Mlod"]
[Date "2010.01.18"]
[Round "1.2"]
[White "Skoczek, Karolina"]
[Black "Brzezinski, Mateusz"]
[Result "0-1"]
[WhiteElo "1636"]
[BlackElo "1966"]
[PlyCount "68"]
[EventDate "2010.??.??"]

1. e4 c5 2. Nc3 Nc6 3. f4 g6 4. Nf3 Bg7 5. d3 e6 6. Be2 Nge7 7. O-O d6 8. Qe1
O-O 9. Qg3 Rb8 10. Bd2 b5 11. Nh4 Nd4 12. Bd1 f5 13. Rb1 Bb7 14. exf5 exf5 15.
Ne2 Bd5 16. b3 Nec6 17. c3 Nxe2+ 18. Bxe2 b4 19. c4 Nd4 20. Bd1 Bc6 21. Nf3 d5
22. Nxd4 Bxd4+ 23. Be3 dxc4 24. dxc4 Be4 25. Bxd4 Qxd4+ 26. Kh1 Bxb1 27. Bf3
Be4 28. Rd1 Qf6 29. h3 Rbd8 30. Re1 Rfe8 31. Qf2 Bxf3 32. Rxe8+ Rxe8 33. Qxf3
Re4 34. Kh2 Qd4 0-1

[Event "XXVII Turniej Szachowy Juniorow "]
[Site "ul. K.K. Baczynskiego 3 - Mlo"]
[Date "2010.01.18"]
[Round "1.3"]
[White "Marchlewicz, Damian"]
[Black "Budnik, Mateusz"]
[Result "1-0"]
[WhiteElo "1918"]
[BlackElo "1612"]
[PlyCount "87"]
[EventDate "2010.??.??"]

1. d4 Nf6 2. c4 c5 3. Nf3 cxd4 4. Nxd4 d6 5. Nc3 g6 6. g3 Nc6 7. Bg2 Bd7 8. e3
Bg7 9. O-O O-O 10. b3 Qc8 11. Bb2 Bh3 12. Re1 Bxg2 13. Kxg2 Re8 14. Qd2 Qd7 15.
Rad1 Rad8 16. f3 Nxd4 17. exd4 d5 18. c5 e6 19. a4 b6 20. b4 Rb8 21. b5 Bf8 22.
c6 Qc7 23. Qd3 Nh5 24. Ne2 Bd6 25. f4 Ng7 26. Ba3 Nf5 27. Ng1 Bxa3 28. Qxa3 Nd6
29. Nf3 Nc4 30. Qb3 a5 31. Ne5 Nxe5 32. Rxe5 Qd6 33. Rde1 Rec8 34. g4 Ra8 35.
f5 Re8 36. Qe3 Qb4 37. fxe6 f6 38. Rxd5 Qxa4 39. Rd7 Qxb5 40. d5 a4 41. Qh6
Qb2+ 42. Kh1 f5 43. Qxh7+ Kf8 44. Qf7# 1-0

[Event "XXVII Turniej Szachowy Juniorow "]
[Site "ul. K.K. Baczynskiego 3 - Mlod"]
[Date "2010.01.18"]
[Round "1.4"]
[White "Mikolajczak, Wojciech"]
[Black "Kotula, Konrad"]
[Result "0-1"]
[WhiteElo "1605"]
[BlackElo "1811"]
[PlyCount "64"]
[EventDate "2010.??.??"]

1. c4 c5 2. Nc3 Nf6 3. g3 d5 4. cxd5 Nxd5 5. Bg2 Nc7 6. d3 e6 7. Bf4 Bd6 8.
Bxd6 Qxd6 9. Nf3 Nc6 10. O-O O-O 11. Ne4 Qe7 12. Rc1 b6 13. a3 Bb7 14. Qb3 Na5
15. Qd1 Rac8 16. Nfd2 Rfd8 17. Nb3 Nxb3 18. Qxb3 Bd5 19. Qc2 Nb5 20. e3 Qb7 21.
f4 f5 22. Ng5 Bxg2 23. Qxg2 Qxg2+ 24. Kxg2 Rxd3 25. Kf3 h6 26. Nh3 Nd4+ 27. Kf2
Rd2+ 28. Ke1 Nb3 29. Rc3 Rxb2 30. Nf2 Rd8 31. Nd1 Rb1 32. Ke2 Rd2+ 0-1

[Event "XXVII Turniej Szachowy Juniorow "]
[Site "ul. K.K. Baczynskiego 3 - Mlod"]
[Date "2010.01.18"]
[Round "1.6"]
[White "Maciejewski, Mikolaj"]
[Black "Marchlewicz, Artur"]
[Result "1/2-1/2"]
[WhiteElo "1572"]
[BlackElo "1792"]
[PlyCount "81"]
[EventDate "2010.??.??"]

1. e4 c5 2. d4 cxd4 3. c3 Nc6 4. cxd4 e6 5. Nf3 Be7 6. Nc3 Nf6 7. Bg5 h6 8. Bh4
d6 9. Bc4 O-O 10. O-O Bd7 11. h3 Rc8 12. e5 dxe5 13. dxe5 Nh7 14. Bxe7 Qxe7 15.
Qe2 Ng5 16. Bb5 Nxf3+ 17. Qxf3 Nd4 18. Qd3 Rfd8 19. Bxd7 Rxd7 20. Rfd1 Rcd8 21.
Rab1 a6 22. Qf1 Qg5 23. f4 Qg3 24. Qf2 Qg6 25. Kh1 b5 26. Rbc1 b4 27. Ne2 Nxe2
28. Qxe2 Rxd1+ 29. Rxd1 Rxd1+ 30. Qxd1 Qe4 31. Qd2 Kh7 32. b3 Kg6 33. Kh2 Kf5
34. g4+ Kg6 35. Kg3 Kh7 36. Qf2 Qc6 37. Qf3 Qc3 38. Kf2 Qd2+ 39. Kg3 Qc3 40.
Kf2 Qd2+ 41. Kg3 1/2-1/2

[Event "XXVII Turniej Szachowy Juniorow "]
[Site "ul. K.K. Baczynskiego 3 - Mlod"]
[Date "2010.01.18"]
[Round "1.7"]
[White "Zebracki, Tomasz"]
[Black "Zwara, Szymon"]
[Result "1-0"]
[WhiteElo "1789"]
[BlackElo "1552"]
[PlyCount "85"]
[EventDate "2010.??.??"]

1. e4 e5 2. d4 exd4 3. Qxd4 Nc6 4. Qe3 Nf6 5. Bd2 Be7 6. Nc3 O-O 7. O-O-O Re8
8. f3 d5 9. exd5 Nxd5 10. Qf2 Ncb4 11. Bc4 Be6 12. a3 a5 13. f4 Bf5 14. Nxd5
Nxc2 15. Bc3 c6 16. Nf6+ Bxf6 17. Rxd8 Raxd8 18. Bxf6 gxf6 19. Nf3 Ne3 20. b3
b5 21. Re1 Ng4 22. Rxe8+ Rxe8 23. Qg3 bxc4 24. Nd4 Bc8 25. f5 Re4 26. Qd6 Re8
27. Nxc6 Bxf5 28. Ne7+ Rxe7 29. Qxe7 cxb3 30. Kb2 Bc2 31. Qd8+ Kg7 32. Qxa5 Ne5
33. Kc3 Nc4 34. Qc5 Nxa3 35. Qxa3 Bd1 36. Kb2 Bc2 37. Qd6 f5 38. h4 h5 39. Qg3+
Kf6 40. Qg5+ Ke5 41. Qxh5 Ke4 42. Qxf7 f4 43. h5 1-0

[Event "XXVII Turniej Szachowy Juniorow "]
[Site "ul. K.K. Baczynskiego 3 - Mlod"]
[Date "2010.01.18"]
[Round "1.8"]
[White "Bednarkiewicz, Jakub"]
[Black "Mazalon, Mateusz"]
[Result "0-1"]
[WhiteElo "1548"]
[BlackElo "1775"]
[PlyCount "54"]
[EventDate "2010.??.??"]

1. d4 d5 2. c4 e6 3. Nc3 c5 4. dxc5 d4 5. Ne4 Bxc5 6. Nxc5 Qa5+ 7. Bd2 Qxc5 8.
e3 Nc6 9. Nf3 e5 10. Be2 Nf6 11. O-O d3 12. Bxd3 e4 13. Be2 exf3 14. Bxf3 O-O
15. Rc1 Bf5 16. Bc3 Ne4 17. Bd4 Qe7 18. Qe2 Rfd8 19. Rfd1 Nc5 20. Bg4 Bg6 21.
Bh5 Ne6 22. Bc3 Rxd1+ 23. Rxd1 Rd8 24. Rd5 Be4 25. Rxd8+ Qxd8 26. h3 g6 27. Bf3
Bd3 0-1

[Event "XXVII Turniej Szachowy Juniorow "]
[Site "ul. K.K. Baczynskiego 3 - Mlod"]
[Date "2010.01.18"]
[Round "1.9"]
[White "Nowacki, Krzysztof"]
[Black "Bartoszewski, Bartosz"]
[Result "1-0"]
[WhiteElo "1770"]
[BlackElo "1548"]
[PlyCount "49"]
[EventDate "2010.??.??"]

1. e4 e6 2. d4 d5 3. Nd2 c5 4. dxc5 Bxc5 5. Nb3 Bb6 6. exd5 exd5 7. Bd3 Nf6 8.
Bg5 Bxf2+ 9. Kxf2 h6 10. Bxf6 Qxf6+ 11. Nf3 Qxb2 12. Re1+ Be6 13. Nfd4 O-O 14.
Kg1 Bd7 15. Qf3 Be6 16. Nxe6 fxe6 17. Bh7+ Kxh7 18. Qxf8 Qxc2 19. Rxe6 Qc7 20.
Re7 Qb6+ 21. Kh1 Qg6 22. Re8 Qd3 23. Qg8+ Kg6 24. Re6+ Kh5 25. Qxg7 1-0

[Event "XXVII Turniej Szachowy Juniorow "]
[Site "ul. K.K. Baczynskiego 3 - Mlod"]
[Date "2010.01.18"]
[Round "1.10"]
[White "Wisniewski, Szymon"]
[Black "Maksimenko, Andrei Jr"]
[Result "0-1"]
[WhiteElo "1456"]
[BlackElo "1746"]
[PlyCount "56"]
[EventDate "2010.??.??"]

1. e4 c5 2. Nf3 e6 3. d4 cxd4 4. Nxd4 a6 5. Nc3 Qc7 6. Be2 Nf6 7. Be3 Bb4 8.
Bd2 Bxc3 9. Bxc3 Nxe4 10. Bd2 O-O 11. O-O d5 12. Bd3 Nxd2 13. Qxd2 e5 14. Nb3
f5 15. Rfe1 Nc6 16. c3 Rf6 17. Rad1 Rh6 18. Bf1 e4 19. g3 Ne5 20. Bg2 Nd3 21.
Re2 f4 22. gxf4 Nxf4 23. Re3 Bg4 24. f3 Nxg2 25. Qxg2 Bxf3 26. Rxf3 exf3 27.
Qxf3 Qxh2+ 28. Kf1 Rf8 0-1

[Event "XXVII Turniej Szachowy Juniorow "]
[Site "ul. K.K. Baczynskiego 3 - Mlod"]
[Date "2010.01.19"]
[Round "3.1"]
[White "Bokiej, Przemyslaw"]
[Black "Brzezinski, Mateusz"]
[Result "1-0"]
[WhiteElo "2069"]
[BlackElo "1966"]
[PlyCount "37"]
[EventDate "2010.??.??"]

1. e4 c5 2. Nf3 Nc6 3. d4 cxd4 4. Nxd4 Nf6 5. Nc3 e5 6. Ndb5 d6 7. a4 a6 8. Na3
Be6 9. Bc4 Rc8 10. Be3 Nd4 11. Bd5 Bxd5 12. exd5 Nf5 13. Qd3 Nxe3 14. fxe3 g6
15. Nc4 Qc7 16. b3 Qc5 17. O-O Bg7 18. Rxf6 Bxf6 19. Ne4 1-0

[Event "XXVII Turniej Szachowy Juniorow "]
[Site "ul. K.K. Baczynskiego 3 - Mlod"]
[Date "2010.01.19"]
[Round "3.3"]
[White "Zebracki, Tomasz"]
[Black "Kotula, Konrad"]
[Result "1/2-1/2"]
[WhiteElo "1789"]
[BlackElo "1811"]
[PlyCount "49"]
[EventDate "2010.??.??"]

1. e4 g6 2. d4 Bg7 3. f4 b6 4. Nc3 Bb7 5. Nf3 e6 6. Bd3 Ne7 7. O-O O-O 8. a3 d6
9. Be3 Nd7 10. Nd2 f5 11. e5 Nd5 12. Nxd5 Bxd5 13. Bc4 Bxc4 14. Nxc4 d5 15. Nd2
c5 16. c3 Rc8 17. Rc1 a5 18. Nf3 b5 19. Qe1 Qe7 20. Rf2 b4 21. axb4 cxb4 22.
cxb4 Rxc1 23. Bxc1 axb4 24. Rc2 Rb8 25. Rc6 1/2-1/2

[Event "XXVII Turniej Szachowy Juniorow "]
[Site "ul. K.K. Baczynskiego 3 - Mlod"]
[Date "2010.01.19"]
[Round "3.4"]
[White "Nowacki, Krzysztof"]
[Black "Marchlewicz, Artur"]
[Result "1-0"]
[WhiteElo "1770"]
[BlackElo "1792"]
[PlyCount "71"]
[EventDate "2010.??.??"]

1. e4 c5 2. Nf3 d6 3. d4 cxd4 4. Nxd4 Nf6 5. f3 a6 6. c4 e5 7. Nc2 Be6 8. Nc3
Be7 9. Be2 Nbd7 10. Be3 Qc7 11. Nd5 Bxd5 12. exd5 O-O 13. O-O Rac8 14. Rc1 Rfe8
15. f4 Bf8 16. f5 Nc5 17. g4 Nfe4 18. Ne1 Be7 19. Nf3 h6 20. b4 Nd7 21. Qe1 Ng5
22. Nxg5 Bxg5 23. Bxg5 hxg5 24. h4 Qd8 25. Kg2 e4 26. Rh1 Ne5 27. Qg3 Qf6 28.
Rc2 Rc7 29. hxg5 Qxg5 30. Rh5 Qf6 31. Qh3 Kf8 32. g5 Qd8 33. Qh4 Nd3 34. f6
gxf6 35. gxf6 Ne1+ 36. Kh1 1-0

[Event "XXVII Turniej Szachowy Juniorow "]
[Site "ul. K.K. Baczynskiego 3 - Mlod"]
[Date "2010.01.19"]
[Round "3.5"]
[White "Mazalon, Mateusz"]
[Black "Maksimenko, Andrei Jr"]
[Result "1-0"]
[WhiteElo "1775"]
[BlackElo "1746"]
[PlyCount "119"]
[EventDate "2010.??.??"]

1. e4 c5 2. Nf3 e6 3. c3 Nf6 4. e5 Nd5 5. d4 cxd4 6. cxd4 d6 7. Bd3 Qc7 8. O-O
Nc6 9. Qe2 Be7 10. Nc3 Nxc3 11. bxc3 dxe5 12. dxe5 O-O 13. Qe4 g6 14. Re1 Bd7
15. Ng5 Qxe5 16. Qxe5 Nxe5 17. Rxe5 f6 18. Nxh7 Rfc8 19. Nxf6+ Bxf6 20. Re3
Bxc3 21. Rb1 Bg7 22. Ba3 Rc3 23. Bb4 Rc7 24. Bxg6 Rac8 25. Bd6 Rc1+ 26. Re1 Bb2
27. Bb4 Rxb1 28. Rxb1 Rc1+ 29. Rxc1 Bxc1 30. Be4 b6 31. g3 Bb5 32. f4 a5 33.
Bd6 Bc4 34. a3 Bd5 35. Bxd5 exd5 36. Kf2 b5 37. Ke2 d4 38. Kd3 Bb2 39. h4 Bc3
40. g4 b4 41. axb4 axb4 42. Kc4 Be1 43. h5 b3 44. Ba3 Bd2 45. f5 Bh6 46. Bb2
Bg7 47. Kxb3 Kh7 48. g5 Be5 49. Bc1 Kg7 50. Kc4 Bg3 51. Kxd4 Bh4 52. Ke5 Kh7
53. g6+ Kg8 54. f6 Kh8 55. h6 Bf2 56. Ke6 Bd4 57. g7+ Kh7 58. f7 Bxg7 59. hxg7
Kxg7 60. Ke7 1-0

[Event "XXVII Turniej Szachowy Juniorow "]
[Site "ul. K.K. Baczynskiego 3 - Mlod"]
[Date "2010.01.19"]
[Round "3.6"]
[White "Kaczmarczyk, Pawel"]
[Black "Szulgacz, Maciej"]
[Result "1-0"]
[WhiteElo "1602"]
[BlackElo "1644"]
[PlyCount "115"]
[EventDate "2010.??.??"]

1. e4 d6 2. d4 Nf6 3. Nc3 g6 4. Be3 Bg7 5. Nf3 O-O 6. h3 Nbd7 7. Bc4 a6 8. a3
b5 9. Bb3 Bb7 10. d5 c5 11. dxc6 Bxc6 12. Nd2 Qa5 13. O-O b4 14. axb4 Qxb4 15.
Re1 a5 16. Ne2 Nxe4 17. c3 Qb7 18. Nxe4 Bxe4 19. f3 Bc6 20. Nd4 Nc5 21. Nxc6
Nxb3 22. Nxe7+ Kh8 23. Ra3 a4 24. Nd5 Rfe8 25. Kh1 Re5 26. Nb4 Rae8 27. Qxd6
Bf8 28. Qd3 Bh6 29. Bd4 Nxd4 30. Rxe5 Rxe5 31. Qxd4 f6 32. Nd3 Rd5 33. Qxf6+
Bg7 34. Qe6 Qd7 35. Qxd7 Rxd7 36. Rxa4 Kg8 37. Nc5 Rd1+ 38. Kh2 Rd2 39. Ne6 Bh6
40. h4 Be3 41. Ra8+ Kf7 42. Ng5+ Kg7 43. Re8 Bf4+ 44. Kh3 h6 45. Ne6+ Kf7 46.
Rf8+ Kxe6 47. Rxf4 Rxb2 48. Rb4 Rc2 49. Rb6+ Kf5 50. Rc6 Rc1 51. Kg3 g5 52.
hxg5 Kxg5 53. Rc5+ Kg6 54. Kg4 Kf6 55. g3 Rd1 56. Rc6+ Kg7 57. c4 Rd4+ 58. f4
1-0

[Event "XXVII Turniej Szachowy Juniorow "]
[Site "ul. K.K. Baczynskiego 3 - Mlod"]
[Date "2010.01.19"]
[Round "3.7"]
[White "Zwara, Szymon"]
[Black "Budnik, Mateusz"]
[Result "1-0"]
[WhiteElo "1552"]
[BlackElo "1612"]
[PlyCount "49"]
[EventDate "2010.??.??"]

1. e4 e6 2. d3 d5 3. Nd2 c5 4. Ngf3 Nf6 5. g3 Be7 6. Bg2 O-O 7. O-O Nc6 8. e5
Nd7 9. Re1 Qc7 10. Qe2 b6 11. c3 Ba6 12. Nf1 Rad8 13. h4 Rfe8 14. h5 Bf8 15.
N1h2 g6 16. Ng4 Ne7 17. Ng5 Nf5 18. hxg6 hxg6 19. Qf1 Rc8 20. Bf3 Be7 21. Qh3
Bxg5 22. Bxg5 Kg7 23. Bf6+ Nxf6 24. exf6+ Kg8 25. Nh6+ 1-0

[Event "XXVII Turniej Szachowy Juniorow "]
[Site "ul. K.K. Baczynskiego 3 - Mlod"]
[Date "2010.01.19"]
[Round "3.8"]
[White "Mikolajczak, Wojciech"]
[Black "Wisniewski, Szymon"]
[Result "1-0"]
[WhiteElo "1605"]
[BlackElo "1456"]
[PlyCount "93"]
[EventDate "2010.??.??"]

1. c4 e5 2. Nc3 Nf6 3. g3 Bc5 4. Bg2 O-O 5. e3 a6 6. Nge2 Nc6 7. O-O d6 8. a3
a5 9. d4 exd4 10. exd4 Bb6 11. Be3 Ne7 12. Qd2 d5 13. c5 Ba7 14. Nb5 c6 15.
Nbc3 Bb8 16. b4 Bc7 17. b5 h6 18. b6 Bb8 19. a4 Nf5 20. Nc1 Nxe3 21. fxe3 Qe7
22. Nb3 Re8 23. Rfe1 Bg4 24. e4 dxe4 25. Nxe4 Nxe4 26. Rxe4 Qd7 27. Rxe8+ Qxe8
28. Re1 Qd7 29. Qe3 Be6 30. Nd2 Kh8 31. Ne4 Qd5 32. Nc3 Qb3 33. Rd1 Qc4 34. d5
cxd5 35. Bxd5 Bxd5 36. Rxd5 f6 37. Rd8+ Kh7 38. Qe4+ Qxe4 39. Nxe4 Kg6 40. Kg2
Kf5 41. Kf3 Ke6 42. h4 Ke7 43. Rc8 Ke6 44. c6 bxc6 45. b7 Ra7 46. Rxb8 Kd7 47.
Nc5+ 1-0

[Event "XXVII Turniej Szachowy Juniorow "]
[Site "ul. K.K. Baczynskiego 3 - Mlod"]
[Date "2010.01.19"]
[Round "3.9"]
[White "Proczek, Mateusz"]
[Black "Maciejewski, Mikolaj"]
[Result "1/2-1/2"]
[WhiteElo "1713"]
[BlackElo "1572"]
[PlyCount "77"]
[EventDate "2010.??.??"]

1. e4 c6 2. d4 d5 3. e5 Bf5 4. Nf3 e6 5. c3 Nd7 6. Be2 Qb6 7. O-O c5 8. Nbd2
cxd4 9. cxd4 Bb4 10. Qb3 Bxd2 11. Qxb6 Nxb6 12. Bxd2 Ne7 13. Bb5+ Nd7 14. Rac1
a6 15. Bxd7+ Kxd7 16. Rfe1 h6 17. Bc3 Ng6 18. g3 Rac8 19. Bb4 Rxc1 20. Rxc1 Rc8
21. Rc5 b6 22. Rxc8 Kxc8 23. h4 h5 24. Bc3 f6 25. Kf1 Bb1 26. a3 Bd3+ 27. Ke1
Kd7 28. Kd2 Be4 29. Ke3 Kc6 30. Nd2 f5 31. f4 Nh8 32. a4 Nf7 33. b4 Nd8 34. Nf3
Bxf3 35. Kxf3 b5 36. a5 Nf7 37. Ke3 Nh6 38. Kf3 Ng4 39. Ke2 1/2-1/2